01200cam a2200265 4500001001300000003000400013005001700017008004100034010002200075025001800097040001800115050002000133111006500153240003900218245002500257260002200282300002000304500006200324500006700386505036400453650003100817650003400848710003500882999001700917he 68003929 DLC20260227111507.0900614s1965 is 100 0 eng  ahe 68003929 //r96 aPL480:Is-2108 aDLCcDLCdDLC00aBM30b.W6 1965a2 aWorld Congress of Jewish Studiesn(4th :d1965 :cJerusalem)10aTaḳtsire ha-hartsaʼot.lEnglish10aAbstracts of papers.1 aJerusalem,c1965. a10 pts.c27 cm. aHeld at the Hebrew University, Jerusalem, July-Aug. 1965. aIssued also under title: (romanized: Taḳtsire ha-hartsaʼot)0 a[1] Ancient Jewish history.--[2] Archaeology and Dead Sea scrolls.--[3] Bible studies.--[4] Contemporary Jewry.--[5] Hebrew poetry and literature.--[6] Hebrew language.--[7] Jewish folklore and folk literature, Jewish art.--[8] Jewish thought (religion, philosophy and Kabbala).--[9] Medieval and modern Jewish history.--[10] Talmud and rabbinics, Jewish law. 0aJewsxHistoryxCongresses. 0aJudaismxHistoryxCongresses.10aJerusalem.bHebrew University. c34022d34022